[Event "Brandenburg-ch Seniors 22nd"]
[Site "Berlin"]
[Date "2006.03.02"]
[Round "9"]
[White "Bensch, Wolfgang"]
[Black "Heyne, Klaus"]
[Result "1/2-1/2"]
[WhiteElo "1461"]
[BlackElo "1145"]
[PlyCount "100"]
[EventDate "2006.02.20"]
[EventType "swiss"]
[EventRounds "9"]
[EventCountry "GER"]
[SourceTitle "EXT 2007"]
[Source "ChessBase"]
[SourceDate "2006.11.23"]
[SourceVersion "1"]
[SourceVersionDate "2006.11.23"]
[SourceQuality "1"]

1. e4 c5 2. Nf3 d6 3. Bc4 e6 4. Nc3 a6 5. a3 b5 6. Be2 c4 7. d3 cxd3 8. cxd3 Be7 9. 0-0 Nc6 10. d4 Bb7 11. Be3 Nf6 12. h3 0-0 13. Qd2 Na5 14. Qc2 Rc8 15. Nd2 Re8 16. b4 Nc6 17. Bf3 Ba8 18. Nb3 h6 19. Qd2 Nh7 20. Be2 Bg5 21. f4 Be7 22. Bf3 f5 23. e5 d5 24. Nc5 Bxc5 25. dxc5 Rf8 26. Ne2 Bb7 27. Rac1 Ba8 28. Kh2 Bb7 29. Bf2 Qd7 30. Rcd1 Ba8 31. Rg1 Kh8 32. g4 g6 33. Rg2 Rg8 34. Bg3 Rcf8 35. gxf5 gxf5 36. Qb2 Qc7 37. Rdg1 Ne7 38. Nd4 Qc8 39. Qc3 Nc6 40. Bh4 Rxg2+ 41. Rxg2 Nxd4 42. Qxd4 Bc6 43. Rg6 Qd7 44. Qg1 d4 45. Bxc6 Qxc6 46. Rxh6 Qe4 47. Bf6+ Rxf6 48. exf6 Qxf4+ 49. Kh1 Qxh6 50. Qxd4 Qxh3+ 1/2-1/2

[Event "Brandenburg-ch Seniors 22nd"]
[Site "Berlin"]
[Date "2006.02.22"]
[Round "3"]
[White "Bensch, Wolfgang"]
[Black "Nietsch, Horst"]
[Result "0-1"]
[WhiteElo "1461"]
[BlackElo "1865"]
[PlyCount "58"]
[EventDate "2006.02.20"]
[EventType "swiss"]
[EventRounds "9"]
[EventCountry "GER"]
[SourceTitle "EXT 2007"]
[Source "ChessBase"]
[SourceDate "2006.11.23"]
[SourceVersion "1"]
[SourceVersionDate "2006.11.23"]
[SourceQuality "1"]

1. e4 Nf6 2. Nc3 e5 3. Nf3 Nc6 4. d4 exd4 5. Nxd4 Nxd4 6. Qxd4 d6 7. h3 Be7 8. Bc4 0-0 9. Be3 c6 10. Qd2 b5 11. Bd3 Bb7 12. 0-0 a6 13. Ne2 c5 14. Ng3 c4 15. Be2 Nxe4 16. Qe1 Nxg3 17. fxg3 Bf6 18. c3 Be5 19. Bf4 Qe8 20. Bf3 f6 21. Qd2 Bxf3 22. Rxf3 Qc6 23. Kh2 Rfe8 24. Raf1 Rad8 25. h4 Qe4 26. Re1 Bxf4 27. Rxf4 Qxe1 28. Qd5+ Qe6 29. Qb7 d5 0-1